000 00998nam a2200265Ia 4500
003 OSt
005 20221005104444.0
006 a|||||r|||| 00| 0
007 ta
008 221004b |||||||| |||| 00| 0 hin d
020 _a8189147161 (hbk)
_c750
024 _a25773
037 _b2343, 19/03/2016, Success Book Service
_cTextual
040 _aCRL
_cCRL
_bhin
041 _2hin
_ahin
082 _aO152,1I83:g(Y), Q5
100 _aशर्मा, परमानन्द
245 0 _aसूर - साहित्य में अभिव्यक्त समाज
246 _aSūr - sāhitya mean abhivyakta samāja
260 _aदिल्ली
_bमल्लिका बुक्स भारत
_c2015
300 _a239पृ0
_ccm.
650 _aहिन्दी साहित्य
942 _hO152,1I83:g(Y), Q5
_cTEXL
_2cc
999 _c1012761
_d1012761